| Tag |
First Indicator |
Second Indicator |
Subfields |
| LEADER |
00000cam a2200000 a 4500 |
| 001 |
in00000085586 |
| 005 |
20151008061542.0 |
| 008 |
811119s1982 nyua b 00100 eng |
| 010 |
|
|
|a 81020520
|
| 020 |
|
|
|a 0120597802
|
| 035 |
|
|
|a (OCoLC)08408816
|
| 035 |
|
|
|9 AAJ8308AM
|
| 039 |
0 |
|
|a 2
|b 3
|c 3
|d 3
|e 3
|
| 040 |
|
|
|a DLC
|c DLC
|d TXA
|d UtOrBLW
|
| 049 |
|
|
|a TXAM
|c [1805502]
|
| 050 |
0 |
0 |
|a QP399
|b .N46
|
| 082 |
0 |
|
|a 153.6
|2 19
|
| 245 |
0 |
0 |
|a Neural models of language processes /
|c edited by Michael A. Arbib, David Caplan, John C. Marshall.
|
| 264 |
|
1 |
|a New York :
|b Academic Press,
|c 1982.
|
| 300 |
|
|
|a xvi, 571 pages :
|b illustrations ;
|c 24 cm.
|
| 336 |
|
|
|a text
|b txt
|2 rdacontent
|
| 337 |
|
|
|a unmediated
|b n
|2 rdamedia
|
| 338 |
|
|
|a volume
|b nc
|2 rdacarrier
|
| 490 |
1 |
|
|a Perspectives in neurolinguistics, neuropsychology, and psycholinguistics
|
| 504 |
|
|
|a Includes bibliographies and index.
|
| 650 |
|
0 |
|a Language and languages
|x Physiological aspects.
|
| 650 |
|
0 |
|a Psycholinguistics.
|
| 650 |
|
0 |
|a Artificial intelligence.
|
| 700 |
1 |
|
|a Arbid, Michael A.
|
| 700 |
1 |
|
|a Caplan, David.
|
| 700 |
1 |
|
|a Marshall, John C.
|
| 830 |
|
0 |
|a Perspectives in neurolinguistics, neuropsychology, and psycholinguistics.
|
| 999 |
|
|
|a MARS
|
| 999 |
f |
f |
|s a3b12492-9034-370e-95a9-b570e0559aa5
|i 6740f88d-9ff4-34fe-ae8b-2c318756b529
|t 0
|
| 952 |
f |
f |
|p ric
|a Texas A&M University
|b Rellis Campus
|c Joint Library Facility
|d Remote Storage
|t 0
|e QP399 .N46
|h Library of Congress classification
|i unmediated -- volume
|m A14806224366
|
| 998 |
f |
f |
|a QP399 .N46
|t 0
|l Remote Storage
|